000 00339 a2200109 4500
001 ART_11900
005 20260410161901.0
008 260409a
245 1 0 _aLeif Johansen´s contribution to public economics
100 1 _aSandmo, Agnar
773 0 _tJournal of public economics
_g- Vol. 21, Nº 3 (ago. 1983)
_wREV11485
999 _c25935
_d25935